000 01214cad a22002055a 4500
001 L151606
008 101122s2010 xxk f 000 0 eng d
035 _a(Sirsi) u151606
041 0 _aeng
110 2 _aCommission for Architecture and the Built Environment
_94058
245 0 0 _aCommunity-led spaces
_ba guide for local authorities and community groups
_h[electronic resource]
260 _aLondon
_bCABE
_c2010
520 _aGuidance for local authorities and community groups on the transfer of parks and green spaces. Includes information on putting together a business case for transfer, finance and communications and governance. With eight pioneering case studies taken from across England which show a variety of approaches and resources available from the Asset Transfer Unit, CABE and partner organisations.
590 _aKA NTK
651 4 _aEngland
_y886-
690 _aENVIRONMENTAL AND LAND CONSULTANCY-PLANNING AND DEVELOPMENT-PLANNING GUIDANCE
710 1 _aASSET TRANSFER UNIT
856 4 0 _uhttps://webarchive.nationalarchives.gov.uk/20110118095356/http:/www.cabe.org.uk/files/community-led-spaces.pdf
_zView the item free of charge from the webarchive.nationalarchives.gov.uk
942 _n0
999 _c111477
_d111477